Organizační chování /

Enregistré dans:
Détails bibliographiques
Auteurs principaux: Tyson, Shaun (Auteur), Jackson, Tony (Auteur)
Autres auteurs: Veselík, Zdeno (Traducteur)
Format: Livre
Langue:tchèque
Publié: Praha : Grada Publishing, 1997
Édition:1.vyd.
Sujets:
Accès en ligne:OBSAH
Tags: Ajouter un tag
Pas de tags, Soyez le premier à ajouter un tag!

MARC

LEADER 00000nam a22000003a 4500
001 stu46057
005 20190206132350.6
008 971205s1997----cs------------------cze-d
020 |a 80-7169-296-4 
040 |a STU  |b slo 
041 0 |a cze 
044 |a cs 
080 |a 658.3 
100 1 |a Tyson, Shaun  |4 aut 
245 1 |a Organizační chování /  |c [aut.]Shaun Tyson, Tony Jackson; Z angl. Zdeno Veselík 
250 |a 1.vyd. 
260 |a Praha :  |b Grada Publishing,  |c 1997 
300 |a 231 s 
650 7 |a manažment  |2 stusub 
700 1 |a Jackson, Tony  |4 aut 
700 1 |a Veselík, Zdeno  |4 trl 
856 4 |a https://sweb.mtf.stuba.sk/obsahy/organizacni_chovani_97.pdf  |u https://sweb.mtf.stuba.sk/obsahy/organizacni_chovani_97.pdf  |3 OBSAH 
996 |b M 30037  |c M*9673-1  |l MMKN  |s A  |a 24  |w stu46057_0001 
996 |b 284M038503  |c M*9673-2  |l MMKN  |s A  |a 24  |w stu46057_0002